[Event "Warsaw YMCA Autumn-D 208th"]
[Site "Warsaw"]
[Date "2018.09.18"]
[Round "1"]
[White "Wyczesany, Dariusz"]
[Black "Kucharski, Jacek"]
[Result "1/2-1/2"]
[WhiteElo "1397"]
[BlackElo "1315"]
[PlyCount "58"]
[EventDate "2018.09.18"]
[EventType "tourn"]
[EventRounds "13"]
[EventCountry "POL"]
[SourceTitle "EXT 2021"]
[Source "ChessBase"]
[SourceDate "2020.10.23"]
[SourceVersion "1"]
[SourceVersionDate "2020.10.23"]
[SourceQuality "1"]

1. e4 c5 2. Nf3 d6 3. d3 Nf6 4. Nbd2 g6 5. g3 Bg7 6. Bg2 0-0 7. 0-0 Nc6 8. Re1 Bg4 9. h3 Bxf3 10. Nxf3 Rb8 11. Be3 b5 12. Qd2 Qc7 13. Bh6 Nb4 14. Bxg7 Kxg7 15. e5 dxe5 16. Rxe5 Qd6 17. Rae1 Nc6 18. R5e2 e6 19. Qc3 b4 20. Qc4 Rbd8 21. Nd2 Nd4 22. Re5 Nd7 23. R5e4 Nb6 24. Qa6 Nxc2 25. Rc1 Nd4 26. Qxa7 Ra8 27. Rxd4 cxd4 28. Bxa8 Rxa8 29. Qb7 Rb8 1/2-1/2

[Event "Warsaw YMCA Spring-C 185th"]
[Site "Warsaw"]
[Date "2017.06.21"]
[Round "13"]
[White "Kucharski, Jacek"]
[Black "Wangrat, Jan"]
[Result "0-1"]
[WhiteElo "1388"]
[BlackElo "1451"]
[PlyCount "112"]
[EventDate "2017.04.06"]
[EventType "tourn"]
[EventRounds "13"]
[EventCountry "POL"]
[SourceTitle "EXT 2019"]
[Source "ChessBase"]
[SourceDate "2018.10.10"]
[SourceVersion "1"]
[SourceVersionDate "2018.10.10"]
[SourceQuality "1"]

1. d4 c5 2. Nf3 cxd4 3. Nxd4 Nc6 4. c3 Nf6 5. e3 g6 6. Bc4 Bg7 7. Nd2 0-0 8. N2f3 d5 9. Nxc6 bxc6 10. Bd3 Qc7 11. Qc2 e5 12. e4 dxe4 13. Bxe4 Nxe4 14. Qxe4 Ba6 15. Be3 Rfd8 16. c4 f5 17. Qc2 f4 18. Bc5 e4 19. Nd2 Qe5 20. Ba3 e3 21. Nf3 exf2+ 22. Kxf2 Qe3+ 23. Kf1 Bd4 24. Re1 Qf2+ 25. Qxf2 Bxc4+ 26. Qe2 Bxe2+ 27. Rxe2 Be3 28. g3 Rd1+ 29. Kg2 Rd5 30. gxf4 Bxf4 31. Rhe1 Rdd8 32. Re7 g5 33. R1e6 g4 34. Ng1 Rd2+ 35. Ne2 Bg5 36. Re8+ Rxe8 37. Rxe8+ Kf7 38. Re4 h5 39. Kf1 Kg6 40. Re6+ Kf5 41. Rxc6 Be3 42. Ng3+ Kf4 43. Bd6+ Kf3 44. Ke1 Rxb2 45. Kd1 Rb1+ 46. Kc2 Rc1+ 47. Kd3 Rxc6 48. Nf5 Bb6 49. Nh4+ Kf2 50. Bg3+ Kf1 51. Nf5 Rf6 52. Ke4 Re6+ 53. Kd5 Re2 54. a3 Bg1 55. Bb8 Bxh2 56. Bxa7 Re5+ 0-1

[Event "Warsaw YMCA Autumn-D 177th"]
[Site "Warsaw"]
[Date "2016.10.18"]
[Round "5"]
[White "Wangrat, Jan"]
[Black "Kucharski, Jacek"]
[Result "1-0"]
[WhiteElo "1328"]
[BlackElo "1415"]
[PlyCount "65"]
[EventDate "2016.09.19"]
[EventType "tourn"]
[EventRounds "13"]
[EventCountry "POL"]
[SourceTitle "EXT 2019"]
[Source "ChessBase"]
[SourceDate "2018.10.10"]
[SourceVersion "1"]
[SourceVersionDate "2018.10.10"]
[SourceQuality "1"]

1. e4 c5 2. Nf3 d6 3. d4 cxd4 4. Nxd4 Nf6 5. Nc3 g6 6. Bc4 Bg7 7. Bb3 0-0 8. f3 Nc6 9. Be3 Na5 10. Qd2 Nxb3 11. Nxb3 a6 12. 0-0-0 Bd7 13. Bh6 Bc6 14. h4 Qc7 15. h5 Rad8 16. g4 d5 17. hxg6 fxg6 18. Bxg7 Kxg7 19. exd5 Bxd5 20. Nxd5 Rxd5 21. Qh6+ Kf7 22. Rxd5 Nxd5 23. Qxh7+ Kf6 24. g5+ Kf5 25. Nd4+ Ke5 26. Qg7+ Nf6 27. Qxf8 Kxd4 28. gxf6 Qf4+ 29. Kb1 Qxf3 30. Rh4+ Kd5 31. Qf7+ Kd6 32. Qxe7+ Kc6 33. Rc4+ 1-0

[Event "Warsaw YMCA Spring-D 170th"]
[Site "Warsaw"]
[Date "2016.05.24"]
[Round "8"]
[White "Budrewicz, Henryk"]
[Black "Kucharski, Jacek"]
[Result "1-0"]
[WhiteElo "1461"]
[BlackElo "1376"]
[PlyCount "71"]
[EventDate "2016.04.05"]
[EventType "tourn"]
[EventRounds "13"]
[EventCountry "POL"]
[SourceTitle "EXT 2019"]
[Source "ChessBase"]
[SourceDate "2018.10.10"]
[SourceVersion "1"]
[SourceVersionDate "2018.10.10"]
[SourceQuality "1"]

1. d4 Nf6 2. e3 d5 3. Bd3 g6 4. f4 Bg7 5. Nd2 Bg4 6. Ngf3 e6 7. 0-0 0-0 8. c3 Nbd7 9. Qe2 c5 10. b3 Qa5 11. Bb2 a6 12. a3 Qc7 13. a4 a5 14. h3 Bxf3 15. Qxf3 b6 16. g4 Ne8 17. e4 cxd4 18. cxd4 dxe4 19. Bxe4 Rd8 20. Qe3 Nd6 21. Rac1 Qb8 22. Ba3 Nxe4 23. Nxe4 Nc5 24. Rfd1 Bxd4 25. Rxd4 Rxd4 26. Qxd4 Rd8 27. Nf6+ Kf8 28. Bxc5+ bxc5 29. Qxc5+ Kg7 30. Qc3 Qb6+ 31. Kg2 Rd4 32. g5 Qb7+ 33. Kg3 Rb4 34. Nd5+ Kg8 35. Nxb4 axb4 36. Qc8+ 1-0

[Event "Warsaw YMCA Spring-D 170th"]
[Site "Warsaw"]
[Date "2016.05.10"]
[Round "6"]
[White "Sloniewski, Michal"]
[Black "Kucharski, Jacek"]
[Result "1-0"]
[WhiteElo "1506"]
[BlackElo "1376"]
[PlyCount "75"]
[EventDate "2016.04.05"]
[EventType "tourn"]
[EventRounds "13"]
[EventCountry "POL"]
[SourceTitle "EXT 2019"]
[Source "ChessBase"]
[SourceDate "2018.10.10"]
[SourceVersion "1"]
[SourceVersionDate "2018.10.10"]
[SourceQuality "1"]

1. c4 Nf6 2. Nc3 g6 3. g3 Bg7 4. Bg2 0-0 5. Nf3 d6 6. 0-0 c6 7. Rb1 Bf5 8. d3 Na6 9. b4 Rb8 10. a4 Nd7 11. Qb3 e5 12. Be3 Be6 13. Bxa7 Rc8 14. a5 b5 15. axb6 Nxb6 16. Bxb6 Qxb6 17. Na4 Qc7 18. Rfc1 Rb8 19. Qa3 Qd7 20. Ng5 Nc7 21. Nxe6 Nxe6 22. Nc3 Ra8 23. Qb2 Rab8 24. b5 cxb5 25. cxb5 Nc5 26. Ne4 Nxe4 27. Bxe4 d5 28. Bg2 e4 29. Qb3 Rfe8 30. dxe4 dxe4 31. b6 Rec8 32. Rxc8+ Rxc8 33. b7 Rb8 34. Bxe4 Be5 35. Rd1 Qc7 36. Qb5 Rd8 37. Rxd8+ Qxd8 38. Qxe5 1-0

[Event "Warsaw YMCA Spring-D 170th"]
[Site "Warsaw"]
[Date "2016.05.03"]
[Round "5"]
[White "Kucharski, Jacek"]
[Black "Kaluzynski, Waldemar"]
[Result "1-0"]
[WhiteElo "1376"]
[BlackElo "1566"]
[PlyCount "113"]
[EventDate "2016.04.05"]
[EventType "tourn"]
[EventRounds "13"]
[EventCountry "POL"]
[SourceTitle "EXT 2019"]
[Source "ChessBase"]
[SourceDate "2018.10.10"]
[SourceVersion "1"]
[SourceVersionDate "2018.10.10"]
[SourceQuality "1"]

1. Nf3 Nf6 2. c4 b6 3. g3 Bb7 4. Bg2 e6 5. 0-0 c5 6. Nc3 Be7 7. b3 0-0 8. Bb2 d6 9. Qc2 Nbd7 10. e3 a6 11. Rad1 Qc7 12. d4 cxd4 13. Nxd4 Bxg2 14. Kxg2 Qb7+ 15. Kg1 Rac8 16. Qe2 Ne5 17. f3 Rfd8 18. Qg2 Nfd7 19. Nce2 b5 20. cxb5 axb5 21. Nf4 Bf6 22. Nh5 b4 23. Nxf6+ Nxf6 24. Qe2 Nd5 25. Rc1 Qb6 26. Rxc8 Rxc8 27. Rc1 Rxc1+ 28. Bxc1 Nc3 29. Qc2 Qc5 30. Kf2 h6 31. a3 bxa3 32. Bxa3 Qxa3 33. Qxc3 Qa2+ 34. Qc2 Qa8 35. e4 Qa6 36. Ke3 Qa1 37. Nb5 Qg1+ 38. Qf2 Qc1+ 39. Qd2 Qxd2+ 40. Kxd2 Nxf3+ 41. Ke3 Nxh2 42. Nxd6 Nf1+ 43. Kf4 g5+ 44. Kg4 Kg7 45. b4 Ne3+ 46. Kf3 Nc2 47. b5 Kg6 48. b6 Nd4+ 49. Ke3 Nc6 50. g4 f6 51. b7 h5 52. gxh5+ Kxh5 53. Kf3 Kh4 54. Kg2 Kg4 55. Nc4 Kf4 56. Na5 Kxe4 57. Nxc6 1-0

[Event "Warsaw YMCA Winter-D 166th"]
[Site "Warsaw"]
[Date "2016.01.19"]
[Round "12"]
[White "Kucharski, Jacek"]
[Black "Matyszkiewicz, Wiktor"]
[Result "1-0"]
[WhiteElo "1336"]
[BlackElo "1412"]
[PlyCount "63"]
[EventDate "2016.01.05"]
[EventType "tourn"]
[EventRounds "13"]
[EventCountry "POL"]
[SourceTitle "EXT 2019"]
[Source "ChessBase"]
[SourceDate "2018.10.10"]
[SourceVersion "1"]
[SourceVersionDate "2018.10.10"]
[SourceQuality "1"]

1. Nf3 c5 2. g3 Nc6 3. Bg2 g6 4. 0-0 Bg7 5. d3 Nf6 6. Nbd2 0-0 7. Nc4 d6 8. c3 Be6 9. Nfd2 Qd7 10. e4 b5 11. Ne3 Rab8 12. Nf3 b4 13. Ng5 Ng4 14. Nxe6 Nxe3 15. Nxf8 Nxd1 16. Nxd7 Rb7 17. Nxc5 dxc5 18. e5 Nxc3 19. Bxc6 Ne2+ 20. Kh1 Rc7 21. Bg2 Bxe5 22. Re1 Nxc1 23. Rxe5 Nxd3 24. Re2 e5 25. b3 c4 26. bxc4 Rxc4 27. Rd1 Rd4 28. Rdd2 f6 29. Kg1 Nc1 30. Kf1 Nxe2 31. Kxe2 Rc4 32. Bd5+ 1-0

[Event "Warsaw YMCA Autumn-D 158th"]
[Site "Warsaw"]
[Date "2015.11.24"]
[Round "10"]
[White "Borowski, Marek"]
[Black "Kucharski, Jacek"]
[Result "1-0"]
[WhiteElo "1567"]
[BlackElo "1311"]
[PlyCount "49"]
[EventDate "2015.09.22"]
[EventType "tourn"]
[EventRounds "13"]
[EventCountry "POL"]
[SourceTitle "EXT 2019"]
[Source "ChessBase"]
[SourceDate "2018.10.10"]
[SourceVersion "1"]
[SourceVersionDate "2018.10.10"]
[SourceQuality "1"]

1. d4 Nf6 2. Nf3 g6 3. Nc3 Bg7 4. e4 d6 5. Bc4 0-0 6. Bg5 Bg4 7. Qd2 Bxf3 8. gxf3 Nc6 9. a3 Na5 10. Ba2 c5 11. d5 b6 12. Bh6 Nd7 13. Bxg7 Kxg7 14. 0-0-0 Nb7 15. h4 h5 16. Ne2 Nf6 17. Rdg1 Rh8 18. Qc3 Qd7 19. f4 Kh7 20. f3 b5 21. Ng3 c4 22. f5 Rag8 23. Qe3 gxf5 24. Nxf5 Rg6 25. Rxg6 1-0

[Event "Warsaw YMCA Autumn-D 158th"]
[Site "Warsaw"]
[Date "2015.10.06"]
[Round "3"]
[White "Kucharski, Jacek"]
[Black "Kalejta, Arkadiusz"]
[Result "1/2-1/2"]
[WhiteElo "1311"]
[BlackElo "1585"]
[PlyCount "101"]
[EventDate "2015.09.22"]
[EventType "tourn"]
[EventRounds "13"]
[EventCountry "POL"]
[SourceTitle "EXT 2019"]
[Source "ChessBase"]
[SourceDate "2018.10.10"]
[SourceVersion "1"]
[SourceVersionDate "2018.10.10"]
[SourceQuality "1"]

1. Nf3 d5 2. g3 Nf6 3. d4 c6 4. Bg2 Bf5 5. 0-0 h6 6. c3 e6 7. Qb3 Qc8 8. Bf4 Nbd7 9. Nbd2 Nh5 10. Be3 Bd6 11. c4 0-0 12. Rac1 Qb8 13. Nh4 Bh7 14. f4 Ndf6 15. Bf3 Kh8 16. Ng2 Be4 17. Nxe4 dxe4 18. Bxh5 Nxh5 19. Qc3 f5 20. b4 Qe8 21. Bd2 Nf6 22. Ne3 Qh5 23. Rf2 Ng4 24. Nxg4 Qxg4 25. Kg2 Qg6 26. Rg1 b6 27. Qb3 Rfd8 28. e3 Qe8 29. Bc3 Qe7 30. Kh1 c5 31. a3 cxd4 32. Bxd4 e5 33. fxe5 Bxe5 34. Rxf5 Bxd4 35. exd4 Rxd4 36. Re1 Rd3 37. Qxd3 Re8 38. Qe3 Qe6 39. Rf4 Qxc4 40. Rxe4 Qc6 41. Kg1 Rxe4 42. Qxe4 Qd6 43. Rc1 Qd7 44. Rf1 Qd6 45. Kg2 Qd2+ 46. Rf2 Qd6 47. Qf3 Qc7 48. Qf8+ Kh7 49. Qf5+ Kh8 50. Qd5 Qc8 51. Rd2 1/2-1/2

[Event "Milanowek-chA 21st"]
[Site "Milanowek"]
[Date "2015.06.25"]
[Round "4.6"]
[White "Celinski, Kamil"]
[Black "Kucharski, Jacek"]
[Result "1-0"]
[WhiteElo "1698"]
[BlackElo "1336"]
[PlyCount "63"]
[EventDate "2015.06.22"]
[EventType "swiss"]
[EventRounds "9"]
[EventCountry "POL"]
[SourceTitle "EXT 2023"]
[Source "ChessBase"]
[SourceDate "2022.10.05"]
[SourceVersion "1"]
[SourceVersionDate "2022.10.05"]
[SourceQuality "1"]

1. e4 c6 2. d4 d5 3. f3 dxe4 4. fxe4 Nf6 5. Nc3 Bg4 6. Nf3 e6 7. Bg5 Be7 8. h3 Bxf3 9. gxf3 Nbd7 10. Qd2 Nb6 11. Rg1 Nh5 12. 0-0-0 Bxg5 13. Rxg5 g6 14. e5 Nd5 15. Ne4 0-0 16. c4 Ne7 17. Rxh5 gxh5 18. Qh6 f5 19. Nf6+ Rxf6 20. exf6 Qf8 21. Qxf8+ Kxf8 22. fxe7+ Kxe7 23. d5 cxd5 24. cxd5 Rc8+ 25. Kb1 Rd8 26. Bc4 exd5 27. Rxd5 Rf8 28. Bd3 Ke6 29. Rb5 b6 30. f4 h4 31. Re5+ Kd6 32. Rxf5 1-0

[Event "Milanowek-ch"]
[Site "Milanowek"]
[Date "2014.06.21"]
[Round "2"]
[White "Kucharski, Jacek"]
[Black "Jarzebowski, Kacper"]
[Result "0-1"]
[WhiteElo "1387"]
[BlackElo "1538"]
[PlyCount "62"]
[EventDate "2014.06.21"]
[EventType "swiss"]
[EventRounds "9"]
[EventCountry "POL"]
[SourceTitle "CBM 161 Extra"]
[Source "ChessBase"]
[SourceDate "2014.08.29"]
[SourceVersion "1"]
[SourceVersionDate "2014.08.29"]
[SourceQuality "1"]

1. Nf3 Nf6 2. c4 e6 3. g3 c5 4. Bg2 Nc6 5. 0-0 Be7 6. d3 0-0 7. Nc3 a6 8. b3 d5 9. cxd5 exd5 10. d4 Ne4 11. Bb2 Bf6 12. e3 Bg4 13. Ne2 b5 14. Rb1 c4 15. bxc4 bxc4 16. Ba3 Re8 17. Bb2 Qd6 18. a3 Na5 19. Qc2 Nb3 20. Bc3 Qxa3 21. Rb2 Bf5 22. Nd2 Nbxd2 23. Bxd2 Nxg3 24. Bb4 Bxc2 25. Bxa3 Nxe2+ 26. Kh1 Bd3 27. Re1 Nc3 28. Bb4 Ne4 29. Bxe4 Bxe4+ 30. Kg1 Bd3 31. Bd6 Bxd4 0-1

[Event "Warsaw-ch opB 66th"]
[Site "Warsaw"]
[Date "2013.05.13"]
[Round "3"]
[White "Kucharski, Jacek"]
[Black "Wisniewski, Jacek"]
[Result "0-1"]
[WhiteElo "1379"]
[BlackElo "1471"]
[PlyCount "76"]
[EventDate "2013.05.11"]
[EventType "swiss"]
[EventRounds "9"]
[EventCountry "POL"]
[SourceTitle "CBM 154 Extra"]
[Source "ChessBase"]
[SourceDate "2013.06.25"]
[SourceVersion "2"]
[SourceVersionDate "2013.06.25"]
[SourceQuality "1"]

1. Nf3 Nf6 2. c4 g6 3. b3 Bg7 4. Bb2 0-0 5. g3 d6 6. Bg2 e5 7. d3 Nc6 8. 0-0 Rb8 9. Nbd2 Nh5 10. a3 f5 11. e3 e4 12. Bxg7 exf3 13. Bxf3 Nxg7 14. d4 Ne7 15. b4 d5 16. c5 c6 17. Nb3 Ne6 18. Nc1 Ng5 19. Bg2 Kg7 20. Nd3 Ng8 21. h4 Nf7 22. f4 Nf6 23. Bf3 Ne4 24. Bxe4 fxe4 25. Nf2 Nh6 26. Kg2 Qd7 27. Rh1 Ng4 28. Nxg4 Qxg4 29. Qxg4 Bxg4 30. Kf2 h5 31. Rab1 Bf3 32. Rh2 Kf6 33. a4 Kf5 34. a5 Kg4 35. Rc1 Rfc8 36. Rb1 b6 37. a6 bxc5 38. dxc5 Rb5 0-1

[Event "Warsaw-ch opB 66th"]
[Site "Warsaw"]
[Date "2013.05.11"]
[Round "1"]
[White "Kaminski, Jan"]
[Black "Kucharski, Jacek"]
[Result "1-0"]
[WhiteElo "1738"]
[BlackElo "1379"]
[PlyCount "89"]
[EventDate "2013.05.11"]
[EventType "swiss"]
[EventRounds "9"]
[EventCountry "POL"]
[SourceTitle "CBM 154 Extra"]
[Source "ChessBase"]
[SourceDate "2013.06.25"]
[SourceVersion "2"]
[SourceVersionDate "2013.06.25"]
[SourceQuality "1"]

1. e4 e5 2. Nf3 Nc6 3. Bc4 Bc5 4. b4 Bxb4 5. c3 Bc5 6. d4 exd4 7. 0-0 Nf6 8. cxd4 Na5 9. Bxf7+ Kxf7 10. dxc5 Re8 11. e5 Ng8 12. Qd5+ Re6 13. Ng5+ Ke8 14. Nxe6 dxe6 15. Qxd8+ Kxd8 16. Nc3 Ne7 17. Bg5 h6 18. Rad1+ Bd7 19. Bxe7+ Kxe7 20. Rd3 a6 21. Rfd1 Rd8 22. f4 Nc6 23. Rb1 Bc8 24. Rxd8 Nxd8 25. Kf2 Bd7 26. g4 g6 27. Ne4 Bc6 28. Ke3 Nf7 29. h4 Bd5 30. Nf6 Bc6 31. Kd4 Kf8 32. Rf1 b5 33. cxb6 cxb6 34. Rb1 b5 35. Kc5 Ba8 36. Kb6 g5 37. hxg5 hxg5 38. Nh7+ Ke7 39. Nxg5 Nh6 40. Rc1 Nxg4 41. Rc7+ Kd8 42. Nxe6+ Ke8 43. Kc5 Nh6 44. Rh7 Nf7 45. Nc7+ 1-0

[Event "Warsaw-ch opB 64th"]
[Site "Warsaw"]
[Date "2011.05.14"]
[Round "8"]
[White "Kucharski, Jacek"]
[Black "Nowak, Edward"]
[Result "1/2-1/2"]
[WhiteElo "1384"]
[BlackElo "1833"]
[PlyCount "43"]
[EventDate "2011.05.07"]
[EventType "swiss"]
[EventRounds "9"]
[EventCountry "POL"]
[SourceTitle "EXT 2012"]
[Source "ChessBase"]
[SourceDate "2011.11.24"]
[SourceVersion "1"]
[SourceVersionDate "2011.11.24"]
[SourceQuality "1"]

1. d4 e6 2. Nf3 f5 3. Bf4 Nf6 4. c3 d6 5. e3 Be7 6. Bg5 Nbd7 7. Nbd2 0-0 8. Qb3 d5 9. Bd3 c6 10. Bf4 Ne4 11. h4 Ndf6 12. g3 Ng4 13. Bxe4 fxe4 14. Nh2 Nf6 15. 0-0-0 Bd6 16. Rdf1 a5 17. f3 b5 18. Rf2 exf3 19. Rxf3 Bd7 20. Bxd6 Rf7 21. Rhf1 Be8 22. Bc5 1/2-1/2